| 000 | 00568nam a2200181Ia 4500 | ||
|---|---|---|---|
| 008 | 090201s9999 xx 000 0 und d | ||
| 010 | _aKPL-74814 | ||
| 040 | _bमराठी | ||
| 041 | _aमराठी | ||
| 082 |
_a55374 _b74814 |
||
| 100 | _aउर्मिला भावे | ||
| 245 |
_aअशी भेट (रामबाग) _cउर्मिला भावे |
||
| 250 | _a1 | ||
| 260 |
_c2008 _bपायल पब्जिकेशन |
||
| 300 |
_a240 _bलहान |
||
| 600 | _aअशी भेट (रामबाग) | ||
| 942 | _cBOOK | ||
| 999 |
_c251635 _d251635 |
||